| 000 | 00935pam a2200301 i 4500 | ||
|---|---|---|---|
| 999 |
_c3885 _d3885 |
||
| 001 | 1827660 | ||
| 003 | Nust | ||
| 005 | 20170105101227.0 | ||
| 008 | 810106s1981 coua b 001 0 eng | ||
| 010 | _a 80029669 | ||
| 020 |
_a086531134X : _c$20.00 (est.) |
||
| 040 |
_aDLC _cDLC _dDLC |
||
| 043 | _aa-pk--- | ||
| 050 | 0 | 0 |
_aHD1333.P18 _bK47 |
| 082 | 0 | 0 |
_a333.3/09549/1 _219 |
| 100 | 1 | _aKhan, Mahmood Hasan. | |
| 245 | 1 | 0 |
_aUnderdevelopment and agrarian structure in Pakistan / _cMahmood Hasan Khan. |
| 260 |
_aBoulder, Colo. : _bWestview Press, _c1981. |
||
| 300 |
_axviii, 308 p. : _bill. ; _c24 cm. |
||
| 490 | 0 | _aA Westview replica edition | |
| 500 | _aIncludes index. | ||
| 504 | _aBibliography: p. 293-300. | ||
| 650 | 0 |
_aLand reform _zPakistan. |
|
| 650 | 0 |
_aLand tenure _zPakistan. |
|
| 650 | 0 |
_aAgriculture _xEconomic aspects _zPakistan. |
|
| 906 |
_a7 _bcbc _corignew _d1 _eocip _f19 _gy-gencatlg |
||
| 942 |
_2ddc _cBK |
||